000 00645nam a2200193Ia 4500
008 151121s9999||||xx |||||||||||||| ||und||
082 _a920/वाल्मिकी
082 _bHNW-71733
100 _aवाल्मिकि ओमप्रकाश
245 _aजूठन
260 _b"राधाकृष्ण प्रकाशन प्रा। लि।, दिल्ली।"
260 _c--
300 _a159
600 _aवाल्मिकि ओमप्रकाश
630 _aजूठन
700 _aवाल्मिकि ओमप्रकाश
730 _aजूठन
942 _cBOOK
999 _c1253201
_d1253198